| 000 | 00601nam a2200205 i 4500 | ||
|---|---|---|---|
| 001 | 79326 | ||
| 003 | ES-MaACL | ||
| 005 | 20230906173944.0 | ||
| 007 | t| | ||
| 008 | 041020s1964 sp ||||1| spa d | ||
| 100 | 1 |
_aHenry, Antonin Marcel. _962589 |
|
| 245 | 1 | 0 |
_aSimone de Beauvoir / _cA.M. Henry ; [traductor, Alfonso Romeu]. |
| 250 | _a[1ยช ed.]. | ||
| 260 |
_aBarcelona : _bEstela, _c[1964] |
||
| 300 |
_a134 p. ; _c20 cm. |
||
| 600 | 0 | 4 |
_aBeauvoir, Simone de, _d1908-1986 _926850 |
| 700 | 1 |
_aRomeu, Alfonso. _999456 |
|
| 852 |
_aES-MaACL _jC-26028 _bR.54692 |
||
| 999 |
_c79326 _d79326 |
||